Govt. of
Madhya Pradesh

Kantian Ethics A Brief Introduction (Record no. 64901)

MARC details
000 -LEADER
fixed length control field 00283nam a2200109Ia 4500
008 - FIXED-LENGTH DATA ELEMENTS--GENERAL INFORMATION
fixed length control field 221009s9999 xx 000 0 und d
082 ## - DEWEY DECIMAL CLASSIFICATION NUMBER
Classification number 170/BAN
100 ## - MAIN ENTRY--PERSONAL NAME
Personal name Bandyopadhyay,Tirthanath
9 (RLIN) 81328
245 #0 - TITLE STATEMENT
Title Kantian Ethics A Brief Introduction
260 ## - PUBLICATION, DISTRIBUTION, ETC. (IMPRINT)
Name of publisher, distributor, etc. Ebang Mushayera
942 ## - ADDED ENTRY ELEMENTS (KOHA)
Koha item type Books
Holdings
Withdrawn status Lost status Damaged status Not for loan Home library Current library Shelving location Date acquired Total Checkouts Barcode Date last seen Price effective from Koha item type
        MACL MACL General Stacks 11/10/2022   CRE026559 02/05/2024 11/10/2022 Books